书目信息 |
| 题名: |
水泥化学分析检验技术
|
|
| 作者: | 王瑞海 主编 ;中国建材检验认证集团股份有限公司 , 国家水泥质量监督检验中心 编著 | |
| 分册: | ||
| 出版信息: | 北京 中国建材工业出版社 2021.1 |
|
| 页数: | 401页 | |
| 开本: | 26cm | |
| 丛书名: | ||
| 单 册: | ||
| 中图分类: | TQ172.1 | |
| 科图分类: | ||
| 主题词: | 水泥--化学分析 | |
| 电子资源: | ||
| ISBN: | 978-7-5160-2376-1 | |
| 000 | 01216nam0 2200265 45 | |
| 001 | 012001000081 | |
| 005 | 20140910142603.0 | |
| 010 | @a978-7-5160-2376-1@dCNY98.00 | |
| 100 | @a20181210d2018 em y0chiy50 ea | |
| 101 | 0 | @achi |
| 102 | @aCN@b110000 | |
| 105 | @aa z 000yy | |
| 106 | @ar | |
| 200 | 1 | @a水泥化学分析检验技术@b专著@f中国建材检验认证集团股份有限公司,国家水泥质量监督检验中心编著@g中国建材检验认证集团股份有限公司, 国家水泥质量监督检验中心编著@Ashui ni hua xue fen xi jian yan ji shu |
| 210 | @a北京@c中国建材工业出版社@d2021.1 | |
| 215 | @a401页@c图@d26cm | |
| 314 | @a主编:王瑞海 | |
| 330 | @a本书共分十二章,内容包括:水泥化验室的建设、水泥化学分析设备及器材、试样溶液的制备、试剂溶液的配制、水泥常用分析方法的基本原理、水泥主要成分化学分析方法概述、水泥及水泥熟料、水泥生料的化学分析方法等。 | |
| 606 | 0 | @a水泥@x化学分析 |
| 690 | @aTQ172.1@v5 | |
| 701 | 0 | @a王瑞海@Awang rui hai@4主编 |
| 712 | 02 | @a中国建材检验认证集团股份有限公司@Azhong guo jian cai jian yan ren zheng ji tuan gu fen you xian gong si@4编著 |
| 712 | 02 | @a国家水泥质量监督检验中心@Aguo jia shui ni zhi liang jian du jian yan zhong xin@4编著 |
| 801 | 0 | @aCN@bBJSDL@c20211011 |
| 905 | @b1330296-8@dTQ172.1@e77@f3 | |
| 水泥化学分析检验技术/中国建材检验认证集团股份有限公司,国家水泥质量监督检验中心编著/中国建材检验认证集团股份有限公司, 国家水泥质量监督检验中心编著.-北京:中国建材工业出版社,2021.1 |
| 401页:图;26cm |
| ISBN 978-7-5160-2376-1:CNY98.00 |
| 本书共分十二章,内容包括:水泥化验室的建设、水泥化学分析设备及器材、试样溶液的制备、试剂溶液的配制、水泥常用分析方法的基本原理、水泥主要成分化学分析方法概述、水泥及水泥熟料、水泥生料的化学分析方法等。 |
| ● |
| 相关链接 |
|
|
|
|
正题名:水泥化学分析检验技术
索取号:TQ172.1/77
 
预约/预借
| 序号 | 登录号 | 条形码 | 馆藏地/架位号 | 状态 | 备注 |
| 1 | 1330296 | 213302969 | 第二样本阅览室/ [索取号:TQ172.1/77] | 在馆 | |
| 2 | 1330297 | 213302978 | 第三借阅区/ [索取号:TQ172.1/77] | 在馆 | |
| 3 | 1330298 | 213302987 | 第三借阅区/ [索取号:TQ172.1/77] | 在馆 |